000 00867nam a2200241Ia 4500
003 GCL
008 140319s9999 xx 000 0 ara d
020 _a6085775977
040 _aGCL /
_cGCL
082 0 4 _a321.96
_bح م
100 1 _aحمدى عبدالرحمن
245 1 0 _aالمشاركة السياسية للمراة :
_bخبرة الشمال الافريقى /
_cحمدى عبدالرحمن
250 _aالاولى
260 _aالقاهرة :
_bمركز دراسات المستقبل الافريقى ،
_c2001
300 _a385 ص ؛
_c24 سم
490 _aسلسلة دراسات افريقية
_v6
650 0 4 _aالمرأة العاملة
650 0 4 _aحقوق المرأة
650 0 4 _aالمرأة فى السياسة
650 0 4 _aالمشاركة السياسية
650 0 4 _aالمرأة فى افريقيا
942 _2ddc
_cBK
999 _c8752
_d8752